000 00825nam a2200265 a 4500
008
020 _a0073526908 (hbk.)
049 _aMAIN
090 _aHF5667
_bMES
100 1 _aMessier, William F.
245 1 0 _aAuditing and assurance services :
_ba systematic approach /
_cWilliam F. Messier, Steven M. Glover and Douglas F. Prawitt.
250 _a6th ed.
260 _aNew York :
_bMcGraw-Hill,
_c2008.
300 _axxxii, 786 p. :
_bill. (some col.) ;
_c28 cm.
500 _aIncludes index.
504 _aIncludes bibliographical references.
650 0 _aAuditing.
700 1 _aGlover, Steven M.
700 1 _aPrawitt, Douglas F.
907 _a.b10288752
_b20-07-18
_c16-12-10
003
005 20230120133840.0
040 _cNUST
942 _cBOOKS
_kHF5667
_mMES
999 _c96537
_d96537